Exploring public relations / (Record no. 8960)
[ view plain ]
| 000 -LEADER | |
|---|---|
| fixed length control field | 01812nac a22003131u 4500 |
| 010 ## - LIBRARY OF CONGRESS CONTROL NUMBER | |
| LC control number | 2006043272 |
| 020 ## - INTERNATIONAL STANDARD BOOK NUMBER | |
| International Standard Book Number | 0273688898 |
| 082 00 - DEWEY DECIMAL CLASSIFICATION NUMBER | |
| Classification number | 659.2 |
| Item number | EXP |
| 090 ## - LOCALLY ASSIGNED LC-TYPE CALL NUMBER (OCLC); LOCAL CALL NUMBER (OCLC) | |
| -- | 8960 |
| -- | 8960 |
| 100 ## - MAIN ENTRY--PERSONAL NAME | |
| Personal name | 20080729 |
| 245 00 - TITLE STATEMENT | |
| Title | Exploring public relations / |
| Statement of responsibility, etc | [edited by] Ralph Tench and Liz Yeomans. |
| 260 ## - PUBLICATION, DISTRIBUTION, ETC. (IMPRINT) | |
| Place of publication, distribution, etc | Harlow, England ; |
| -- | New York : |
| Name of publisher, distributor, etc | FT Prentice Hall, |
| Date of publication, distribution, etc | 2006. |
| 300 ## - PHYSICAL DESCRIPTION | |
| Extent | xxx, 641 p. : |
| Other physical details | ill. ; |
| Dimensions | 26 cm. |
| 500 ## - GENERAL NOTE | |
| General note | Distributer: Baccah. |
| 504 ## - BIBLIOGRAPHY, ETC. NOTE | |
| Bibliography, etc | Includes bibliographical references and index. |
| 511 ## - PARTICIPANT OR PERFORMER NOTE | |
| Participant or performer note | Catalogued By: Mahitab. |
| 650 #0 - SUBJECT ADDED ENTRY--TOPICAL TERM | |
| Topical term or geographic name as entry element | Public relations. |
| 700 1# - ADDED ENTRY--PERSONAL NAME | |
| Personal name | Tench, Ralph. |
| 700 1# - ADDED ENTRY--PERSONAL NAME | |
| Personal name | Yeomans, Liz. |
| 942 ## - ADDED ENTRY ELEMENTS (KOHA) | |
| Item type | |
| Call number prefix | 659.2EXP |
| Withdrawn status | Item status | Damaged status | Not for loan | Home library | Current library | Shelving location | Date acquired | Source of acquisition | Total Checkouts | Total Renewals | Full call number | Barcode | Date last seen | Date last borrowed | Koha item type |
|---|---|---|---|---|---|---|---|---|---|---|---|---|---|---|---|
| Central Library | Central Library | First floor | 31/03/2008 | Purchase | 7 | 23 | 659.2EXP | 000010845 | 15/07/2025 | 12/03/2017 | Book - Borrowing | ||||
| Central Library | Central Library | First floor | 31/03/2008 | Purchase | 8 | 4 | 659.2EXP | 000010846 | 15/07/2025 | 11/05/2011 | Book - Borrowing | ||||
| Central Library | Central Library | First floor | 31/03/2008 | Purchase | 6 | 23 | 659.2EXP | 000010908 | 15/07/2025 | 19/05/2016 | Book - Borrowing | ||||
| Central Library | Central Library | First floor | 31/03/2008 | Purchase | 11 | 18 | 659.2EXP | 000010909 | 15/07/2025 | 24/04/2016 | Book - Borrowing | ||||
| Central Library | Central Library | First floor | 31/03/2008 | Purchase | 10 | 9 | 659.2EXP | 000010910 | 15/07/2025 | 28/05/2015 | Book - Borrowing | ||||
| Central Library | Central Library | First floor | 31/03/2008 | Purchase | 9 | 1 | 659.2EXP | 000010911 | 15/07/2025 | 27/02/2019 | Book - Borrowing | ||||
| Central Library | Central Library | First floor | 31/03/2008 | Purchase | 11 | 25 | 659.2EXP | 000010912 | 15/07/2025 | 20/03/2019 | Book - Borrowing | ||||
| Central Library | Central Library | First floor | 31/03/2008 | Purchase | 8 | 9 | 659.2EXP | 000010844 | 15/07/2025 | 25/07/2011 | Book - Borrowing | ||||
| Central Library | Central Library | First floor | 31/03/2008 | Purchase | 2 | 659.2EXP | 000010907 | 15/07/2025 | 11/03/2010 | NB - Book (Non borrowing) |